000 00990nam a22002057a 4500
999 _c8294
_d8294
003 AR-CdUCM
008 190322b ||||| |||| 00| 0 spa d
040 _aMUNICIPALIDAD PROVINCIAL DEL CUSCO
_cBIBLIOTECA MUNICIPAL DEL CUSCO
082 _a869.5099 /
_bN56
100 _aNieto, Luis
_911864
245 _aPoetas y escritores peruanos /
260 _aCuzco :
_bEdiciones sol y piedra,
_b"Garcilaso",
_c1957.
300 _a72 páginas ;
_bilustraciones ;
_c25 cm.
500 _aDonación familia Nieto.
505 _aContenido: Abelardo M. Gamarra, "El Tunante" -- Juan Parra del Riego, el poeta de los polirritmos -- Ubicación de José Santos Chocano -- Clorinda Matto de Turner, la gran rebelde -- José Diez Canseco, criollista y planfletario -- Mariano Melgar, poeta y prócer -- Recuerdo de José Gálvez -- Ricardo Palma, nuestro tradicionista -- Me moriré en París.
650 _aAutores peruanos
_9731
650 _aBiobibliografía
_97105
942 _2ddc
_cLIBROS
945 _azta